Sports Quiz

Random Sports or Football Quiz

NFL Passing Leaders: Start of Each Decade Quiz Stats

Quiz Updated Dec 8, 2015

Challenge
Share
Tweet
Embed
Score 0/120 Timer 09:00
6 Plays Today
Decade Player % Correct
2010Peyton Manning
95.9%
2010Brett Favre
91.2%
1990Dan Marino
89.5%
2000Dan Marino
89.5%
2010Dan Marino
89.5%
1990Joe Montana
85.1%
2000Joe Montana
85.1%
2010Joe Montana
85.1%
2000Steve Young
80.3%
2010Steve Young
80.3%
2000John Elway
79.9%
2010John Elway
79.9%
2000Warren Moon
78.6%
2010Warren Moon
78.6%
1990Terry Bradshaw
74.8%
1960Johnny Unitas
74.7%
1970Johnny Unitas
74.7%
1980Johnny Unitas
74.7%
1990Johnny Unitas
74.7%
2000Johnny Unitas
74.7%
2010Johnny Unitas
74.7%
1970Bart Starr
71.6%
1980Bart Starr
71.6%
1970Fran Tarkenton
70%
1980Fran Tarkenton
70%
1990Fran Tarkenton
70%
2000Fran Tarkenton
70%
2010Fran Tarkenton
70%
1980Roger Staubach
69.7%
1990Dan Fouts
66.8%
2000Dan Fouts
66.8%
2010Dan Fouts
66.8%
1980Joe Namath
66.3%
1990Joe Namath
66.3%
2000Jim Kelly
63.2%
2010Jim Kelly
63.2%
2000Vinny Testaverde
59.4%
2010Vinny Testaverde
59.4%
2000Phil Simms
57.1%
2010Phil Simms
57.1%
Decade Player % Correct
2010Drew Bledsoe
55%
1990Ken Stabler
54.9%
1960Y.A. Tittle
54.3%
1970Y.A. Tittle
54.3%
1980Y.A. Tittle
54.3%
1990Y.A. Tittle
54.3%
2000Y.A. Tittle
54.3%
2010Y.A. Tittle
54.3%
2000Boomer Esiason
52.4%
2010Boomer Esiason
52.4%
1980Bob Griese
50.3%
1970Len Dawson
49%
1980Len Dawson
49%
1990Len Dawson
49%
1980Charley Johnson
47.2%
1990Ken Anderson
46.7%
2000Ken Anderson
46.7%
1960Otto Graham
45.2%
1970Otto Graham
45.2%
1980Otto Graham
45.2%
1960Sammy Baugh
40.7%
1970Sammy Baugh
40.7%
2000Dave Krieg
37.9%
2010Dave Krieg
37.9%
2010Kerry Collins
37.8%
1970George Blanda
37.1%
1980George Blanda
37.1%
1990George Blanda
37.1%
1970Sonny Jurgensen
36.9%
1980Sonny Jurgensen
36.9%
1990Sonny Jurgensen
36.9%
2000Sonny Jurgensen
36.9%
1990Ron Jaworski
36.4%
1960Norm Van Brocklin
33.4%
1970Norm Van Brocklin
33.4%
1980Norm Van Brocklin
33.4%
2000Jim Everett
30.1%
2010Jim Everett
30.1%
1960Sid Luckman
28%
1980Jim Hart
27.9%
Decade Player % Correct
1990Jim Hart
27.9%
2000Jim Hart
27.9%
2010Jim Hart
27.9%
1960Bobby Layne
27.7%
1970Bobby Layne
27.7%
1980Bobby Layne
27.7%
1970John Hadl
25.9%
1980John Hadl
25.9%
1990John Hadl
25.9%
2000John Hadl
25.9%
1980Roman Gabriel
24.2%
1990Roman Gabriel
24.2%
1970John Brodie
23.5%
1980John Brodie
23.5%
1990John Brodie
23.5%
1970Milt Plum
23.3%
2000Steve DeBerg
22.1%
1970Jack Kemp
20.3%
1960Ed Brown
19.6%
1990Joe Ferguson
17.9%
1970Norm Snead
14.8%
1980Norm Snead
14.8%
1990Norm Snead
14.8%
1960Bob Waterfield
12.5%
1960Charlie Conerly
10.4%
1970Charlie Conerly
10.4%
1970Babe Parilli
9.3%
1980Babe Parilli
9.3%
1960Tommy Thompson
8.5%
1960Tobin Rote
7.5%
1970Tobin Rote
7.5%
1970Billy Wade
6.8%
1960Arnie Herber
4.8%
1960Frankie Albert
4.6%
1960Eddie LeBaron
4.3%
1960Bobby Thomason
3%
1960Jim Finks
3%
1960Lamar McHan
2.3%
1960George Ratterman
2.3%
1960Paul Christman
2.3%

You're not logged in!

Compare scores with friends on all Sporcle quizzes.
Join for Free
OR
Log In

You Might Also Like...

Show Comments

Extras

Top Quizzes Today


Score Distribution

Your Account Isn't Verified!

In order to create a playlist on Sporcle, you need to verify the email address you used during registration. Go to your Sporcle Settings to finish the process.

Report this User

Report this user for behavior that violates our Community Guidelines.

Details: